City slickers bolster rural prices (Record no. 73167)
[ view plain ]
| 000 -LEADER | |
|---|---|
| fixed length control field | 01150cam a2200193 4500 |
| 001 - CONTROL NUMBER | |
| control field | WB3930-20 |
| 008 - FIXED-LENGTH DATA ELEMENTS--GENERAL INFORMATION | |
| fixed length control field | 030805n2003 000 0 eng u |
| 035 ## - SYSTEM CONTROL NUMBER | |
| System control number | (Sirsi) u123197 |
| 245 ## - TITLE STATEMENT | |
| Title | City slickers bolster rural prices |
| 260 ## - PUBLICATION, DISTRIBUTION, ETC. | |
| Date of publication, distribution, etc. | 2003 |
| 490 ## - SERIES STATEMENT | |
| Series statement | RICS Press Release |
| Volume/sequential designation | 4 August 2003 (2) |
| 520 ## - SUMMARY, ETC. | |
| Summary, etc. | The latest "RICS rural land market survey" for the second quarter 2003 reveals that 44% of buyers of rural property between April and June 2003 were 'non-farmers'. This reflects a growing trend of people buying farms to live in the house and offering the farmland to neighbouring farmers to manage. The survey also shows that the price of farmland over the 12 months to June averaged £7 484 per hectare, little change from the previous year. "RICS rural land market survey Great Britain" available at www.rics.org/ricscms/bin/show?class=MarketSurvey&template=/includes/showmarketsurvey.html&id=63. www.rics.org/ricscms/bin/show?class=PressRelease&template=/includes/showpr.html&id=983 |
| 590 ## - LOCAL NOTE (RLIN) | |
| Local note | WB |
| 650 ## - SUBJECT ADDED ENTRY--TOPICAL TERM | |
| Topical term or geographic name entry element | RICS SURVEYS |
| 650 ## - SUBJECT ADDED ENTRY--TOPICAL TERM | |
| Topical term or geographic name entry element | RURAL PROPERTY |
| 650 ## - SUBJECT ADDED ENTRY--TOPICAL TERM | |
| Topical term or geographic name entry element | FARMLAND PRICES |
| 690 ## - LOCAL SUBJECT ADDED ENTRY--TOPICAL TERM (OCLC, RLIN) | |
| Topical term or geographic name as entry element | RURAL-MARKET |
| 942 ## - ADDED ENTRY ELEMENTS (KOHA) | |
| Suppress in OPAC | 0 |
| Withdrawn status | Lost status | Source of classification or shelving scheme | Damaged status | Not for loan | Home library | Current library | Shelving location | Date acquired | Total Checkouts | Full call number | Barcode | Date last seen | Copy number | Price effective from | Koha item type |
|---|---|---|---|---|---|---|---|---|---|---|---|---|---|---|---|
| Dewey Decimal Classification | London | London | News article | 05/08/2003 | WB3930-20 | 123197-1001 | 06/08/2019 | 1 | 06/08/2019 | News article |